书目信息 |
| 题名: |
粒子群优化算法及电磁应用
|
|
| 作者: | 田雨波 编著 | |
| 分册: | ||
| 出版信息: | 北京 科学出版社 2014.03 |
|
| 页数: | 10,247页 | |
| 开本: | 24cm | |
| 丛书名: | ||
| 单 册: | ||
| 中图分类: | TP301.6 | |
| 科图分类: | ||
| 主题词: | 电子计算机 , 电子计算机--算法理论--研究 , 算法理论 | |
| 电子资源: | ||
| ISBN: | 978-7-03-040008-6 | |
| 000 | 01058nam0 2200289 450 | |
| 001 | 0100140450 | |
| 005 | 20141020221145.0 | |
| 010 | @a978-7-03-040008-6@dCNY78.00 | |
| 100 | @a20140515d2014 em y0chiy50 ea | |
| 101 | 0 | @achi |
| 101 | 11 | @achi |
| 102 | @aCN@b110000 | |
| 105 | @ay z 000yy | |
| 106 | @ar | |
| 200 | 1 | @a粒子群优化算法及电磁应用@Ali zi qun you hua suan fa ji dian ci ying yong@9li zi qun you hua suan fa ji dian ci ying yong@b专著@f田雨波编著@Ftian yu bo bian zhu |
| 210 | @a北京@c科学出版社@d2014.03 | |
| 215 | @a10,247页@d24cm | |
| 330 | @a本书在论述粒子群优化算法基本原理的基础上,介绍有关改进设计,同时给出各种改进设计在电磁场工程问题上的应用。全书分为两个部分,第一部分主要论述粒子群优化算法;第二部分主要论述粒子群优化算法在电磁工程中的应用。 | |
| 540 | @a粒子群优化算法及电磁应用 | |
| 606 | 0 | @a电子计算机 |
| 606 | 0 | @a电子计算机@x算法理论@x研究 |
| 606 | 0 | @a算法理论 |
| 690 | @aTP301.6@v5 | |
| 701 | 0 | @a田雨波@Atian yu bo@4编著 |
| 801 | @aCN | |
| 901 | @a001 | |
| 905 | @b1103128-30@dTP301.6@eT680@f3@a241430 | |
| 粒子群优化算法及电磁应用/田雨波编著.-北京:科学出版社,2014.03 |
| 10,247页;24cm |
| ISBN 978-7-03-040008-6:CNY78.00 |
| 本书在论述粒子群优化算法基本原理的基础上,介绍有关改进设计,同时给出各种改进设计在电磁场工程问题上的应用。全书分为两个部分,第一部分主要论述粒子群优化算法;第二部分主要论述粒子群优化算法在电磁工程中的应用。 |
| ● |
| 相关链接 |
|
|
|
正题名:粒子群优化算法及电磁应用
索取号:TP301.6/T680
 
预约/预借
| 序号 | 登录号 | 条形码 | 馆藏地/架位号 | 状态 | 备注 |
| 1 | 1103128 | 211031284 | 自科库301/301自科库 45排6列3层/ [索取号:TP301.6/T680] | 在馆 | |
| 2 | 1103129 | 211031293 | 自科二线400A/400A自科库 3排2列4层/ [索取号:TP301.6/T680] | 在馆 | |
| 3 | 1103130 | 211031300 | 自科库301/301自科库 45排6列3层/ [索取号:TP301.6/T680] | 在馆 |